000 00867nam a2200229Ii 4500
003 JO-AjNU
008 230605s9999||||xx |||||||||||||| ||und||
017 _a1997/10/1270
040 _aJO-AjNU
_bara
_erda
_cJO-AjNU
041 _aara
050 1 4 _aHF5681.B2.H36 2001
100 3 _aتأليف: حنان،رضوان حلوة / م.مشارك: جبرائيل جوزيف كحالة,
_eauthor
_928295
245 0 0 _aالمحاسبة المالية الخاصة
250 _aط1
264 3 1 _aعمان: دار الثقافة للنشر والتوزيع، 2001
300 _a427ص
_bيحتوي على ببلوغرافية من ص421-427ص
336 _atext
_btxt
_2rdacontent
337 _aunmediated
_bn
_2rdamedia
338 _avolume
_bnc
_2rdacarrier
490 0 _aسلسلة الكتب المحاسبية ؛3
650 4 _aالمحاسبة المالية
_928296
999 _aA10956
_c14524
_d14524